Organization theory

Na minha lista:
Detalhes bibliográficos
Autor principal: Pugh, D. S.
Formato: Livro
Idioma:Undetermined
Publicado em: Harmondsworth Penguin 1971
Assuntos:
Tags: Adicionar Tag
Sem tags, seja o primeiro a adicionar uma tag!
Thư viện lưu trữ: Trung tâm Học liệu Trường Đại học Cần Thơ
LEADER 00491nam a2200181Ia 4500
001 CTU_89180
008 210402s9999 xx 000 0 und d
082 |a 302.35 
082 |b P978 
100 |a Pugh, D. S. 
245 0 |a Organization theory 
245 0 |c edited by D. S. Pugh. 
260 |a Harmondsworth 
260 |b Penguin 
260 |c 1971 
650 |a Organization,Management,Organizational behavior 
904 |i Năm 
980 |a Trung tâm Học liệu Trường Đại học Cần Thơ